| 000 | 00429nam a22001577a 4500 | ||
|---|---|---|---|
| 005 | 20251120114227.0 | ||
| 008 | 251120b |||||||| |||| 00| 0 eng d | ||
| 020 | _a979-8-88715-088-8 | ||
| 100 | _aANDERSON, ANGELA | ||
| 245 | _aCELL AND MOLECULAR BIOLOGY | ||
| 260 |
_aDUBLIN, OH _bORYSON PRESS _c2023 |
||
| 300 | _aX, 286P. | ||
| 500 | _aINCLUDES INDEX | ||
| 650 | _aI. CELL BIOLOGY 2. MOLECULAR BIOLOGY | ||
| 942 |
_2lcc _cBK |
||
| 999 |
_c216230 _d216230 |
||